Truth (Registro nro. 76013)

Detalles MARC
000 -ENCABEZADO
Número de control [NR] 00774nam a2200229Ia 4500
008 - DE LONGITUD FIJA DE DATOS DE ELEMENTOS - INFORMACIÓN GENERAL
Elementos de longitud fija [NR] 130821s1999 enk gr eng
020 ## - NUMERO INTERNACIONAL NORMALIZADO PARA LIBROS [R]
Número Internacional Normalizado del libro [NR] 978 0 19 875250 9
040 ## - FUENTE DE CATALOGACION [NR]
Agencia de catalogación original [NR] Co-BoUCM.
Idioma de catalogación [NR] spa
041 00 - CODIGO DE IDIOMA [R]
Código de idioma para texto/pista de sonido o título separado [R] Inglés
245 00 - MENCION DE TITULO [NR]
Título [NR] Truth
Mención de responsabilidad, etc. [NR] editado por Simon Blackburn y Keith Simmons
260 ## - PUBLICACION, DISTRIBUCION, ETC. (PIE DE IMPRENTA) [R]
Lugar de publicación, distribución, etc. [R] Oxford (Oxfordshire, Inglaterra)
Nombre del editor, distribuidor, etc. [R] Oxford University Press
Fecha de publicación, distribución, etc. [R] 1999
300 ## - DESCRIPCION FISICA [R]
Extensión [R] vi, 406 páginas
490 ## - MENCION DE SERIE [R]
Mención de serie [R] Oxford readings in philosophy
504 ## - NOTA DE BIBLIOGRAFIA, ETC. [R]
Nota de bibliografía, etc. [NR]
650 ## - ASIENTO SECUNDARIO DE MATERIA - TERMINO TEMATICO [R]
Término temático o nombre geográfico como elemento de entrada [NR] Filosofía moderna
9 (RLIN) 15835
650 ## - ASIENTO SECUNDARIO DE MATERIA - TERMINO TEMATICO [R]
Término temático o nombre geográfico como elemento de entrada [NR] Filosofía
9 (RLIN) 75
650 ## - ASIENTO SECUNDARIO DE MATERIA - TERMINO TEMATICO [R]
Término temático o nombre geográfico como elemento de entrada [NR] Verdad
9 (RLIN) 26156
700 1# - ASIENTO SECUNDARIO - NOMBRE PERSONAL [R]
Nombre personal [NR] Blackburn, Simon
Fechas asociadas con el nombre [NR] 1944-
Término de relación [R]
9 (RLIN) 169375
700 1# - ASIENTO SECUNDARIO - NOMBRE PERSONAL [R]
Nombre personal [NR] Simmons, Keith
Término de relación [R]
9 (RLIN) 169376
942 ## - ELEMENTOS DE ENTRADA AGREGADOS (KOHA)
Tipo de ítem principal el descrito en 300a Libro
Tema principal Filosofía
Edición 1
Parte restante de la signatura top. T874t
Sistema de clasificación DEWEY
Clasificación 121
Existencias
Fecha de último préstamo Total préstamos Signatura topográfica Código de barras Última vez visto Ejemplar Price effective from Tipo de ítem Perdido Sistema de clasificación Dañado No prestable Tipo de ítem específico Suprimido Ubicación habitual Ubicación actual Localización Fecha de creación Forma de adquisición Costo
18/09/2014 1 121 T874t 100120980 05/12/2025 Ej.1 03/02/2013 Libro   DEWEY     Libro   Claustro Claustro 2do piso 28/02/2013 Compra 114000.00